MARC

LEADER 00000nam0a2200000 4500
001 174093
005 20231031164607.0
010 |a 5020032182 
020 |a RU  |b 89-9924 
035 |a (RuTPU)RU\TPU\book\188792 
090 |a 174093 
100 |a 20100119d1988 km y0rusy5003 ca 
101 0 |a rus 
102 |a RU 
105 |a ab z 001zy 
200 1 |a Кора выветривания как источник комплексного минерального сырья  |e сборник статей  |f АН СССР., Научный совет по рудообразованию ; под ред. В. И. Смирнова 
210 |a Москва  |c Наука  |d 1988 
215 |a 187,[4] с., [1] л. ил.  |c ил., карт. 
320 |a Библиогр. в конце ст. 
610 1 |a кора выветривания 
610 1 |a месторождения 
610 1 |a геология 
610 1 |a минеральное сырье 
610 1 |a полезные ископаемые 
610 1 |a неметаллические полезные ископаемые 
610 1 |a криогенное выветривание 
610 1 |a рудоносные коры 
610 1 |a формирование 
675 |a 551.311.231  |z rus 
686 |a 38.37  |2 rugasnti 
702 1 |a Смирнов  |b В. И.  |g Владимир Иванович  |4 340 
712 0 2 |a Академия наук СССР (АН СССР)  |b Научный совет по рудообразованию  |2 stltpush  |3 (RuTPU)RU\TPU\col\722 
801 0 |a RU  |b RuMRKP  |c 19950417  |g psbo 
801 1 |a RU  |b 63413507  |c 20100119 
801 2 |a RU  |b 63413507  |c 20110819  |g RCR 
942 |c BK